Houston Hobby Destinations: Updated (1/30/18) Quiz Stats

Quiz not verified by Sporcle

Challenge
Share
Tweet
Embed
Score 0/63 Timer 10:00
1 Play Today
Airline City % Correct
SouthwestAlbuquerque
100%
Delta, SouthwestAtlanta
100%
SouthwestGeorge Town
100%
SouthwestMilwaukee
100%
SouthwestSan Jose
100%
SouthwestBirmingham
98.1%
JetBlue, SouthwestBoston
98.1%
SouthwestCharlotte
98.1%
SouthwestChicago-Midway
98.1%
SouthwestDallas-Love
98.1%
SouthwestDenver
98.1%
SouthwestIndianapolis
98.1%
SouthwestKansas City
98.1%
SouthwestLas Vegas
98.1%
SouthwestLos Angeles
98.1%
SouthwestMemphis
98.1%
SouthwestNashville
98.1%
SouthwestNew Orleans
98.1%
JetBlueNew York-JFK
98.1%
SouthwestNew York-LaGuardia
98.1%
SouthwestOklahoma City
98.1%
SouthwestOrlando
98.1%
SouthwestPhoenix-Sky Harbor
98.1%
SouthwestPittsburgh
98.1%
SouthwestPortland
98.1%
SouthwestRaleigh/Durham
98.1%
SouthwestSalt Lake City
98.1%
SouthwestSan Antonio
98.1%
SouthwestSan Diego
98.1%
SouthwestSeattle/Tacoma
98.1%
SouthwestSt. Louis
98.1%
SouthwestTulsa
98.1%
Airline City % Correct
SouthwestWashington-National
98.1%
SouthwestBaltimore
97.6%
SouthwestOmaha
96.7%
SouthwestAustin
96.2%
SouthwestBelize City
96.2%
SouthwestCharleston
96.2%
American EagleDallas/Fort Worth
96.2%
SouthwestEl Paso
96.2%
SouthwestFort Myers
96.2%
SouthwestMexico City
96.2%
SouthwestOakland
96.2%
SouthwestPensacola
96.2%
SouthwestSan Juan
96.2%
SouthwestTampa
96.2%
SouthwestColumbus-Glenn
94.7%
SouthwestCancun
94.2%
SouthwestFort Lauderdale
94.2%
SouthwestJacksonville
94.2%
SouthwestMidland-Odessa
94.2%
SouthwestOrange County
94.2%
SouthwestSan Jose
94.2%
SouthwestMontego Bay
93.9%
SouthwestCorpus Christi
90.4%
SouthwestPanama City
90.4%
ViaAirBranson
89.5%
SouthwestOranjestad
88.5%
SouthwestPuerto Vallarta
88.5%
SouthwestLiberia
87.8%
SouthwestLubbock
83.7%
SouthwestHarlingen
80.8%
SouthwestSan Jose del Cabo
73.7%

You're not logged in!

Compare scores with friends on all Sporcle quizzes.
Sign Up with Email
OR
Log In

You Might Also Like...

Show Comments

Extras

Top Quizzes Today


Score Distribution

Your Account Isn't Verified!

In order to create a playlist on Sporcle, you need to verify the email address you used during registration. Go to your Sporcle Settings to finish the process.